Представление документа в формате RUSMARC

ПолеНазваниеЗначение
  Тип записи a
  Библиографический уровень m
001 Контрольный номер admiBOOK00020261
005 Дата корректировки 20140508173756.6
010 Индекс ISBN __
a ISBN 978-5-370-02815-1
d Цена 266,00
100 Данные общей обработки __
a Данные общей обработки 19020202 |||y0 y0189 ca
101 Язык документа __
a Язык текста rus
105 Кодированные данные (монография) __
a Кодированные данные (монография) zy
200 Заглавие и сведения об ответственности 0_
a Заглавие Менеджмент: управление организационными системами
e Сведения, относящиеся к заглавию учеб. пособие
f Первые сведения об ответственности П.В.Шеметов, Л.Е. Никифорова, С.В. Петухова
205 Сведения об издании __
a Основные сведения об издании 6-е изд., стер.
b Дополнительные сведения об издании Доп. Советом УМО вузов России
210 Выходные данные __
a Место издания М
c Издательство Издательство "Омега-Л"
d Дата издания 2013
215 Физическое описание __
a Объем 407с.
c Иллюстрации/тип воспроизводства ил., табл.
225 Серия __
a Серия Высшая школа менеджмента
606 Тематические рубрики __
a Основная рубрика Менеджмент
x Основная подрубрика Управление предприятием. Планирование
610 Ключевые слова __
a Ключевые слова Менеджмент
a Ключевые слова Искусство управления
a Ключевые слова Развитие менеджмента
a Ключевые слова Управление
a Ключевые слова Методологические основы менеджмента
a Ключевые слова Структура управления
a Ключевые слова Организационная структура управления
a Ключевые слова Управленческие решения
a Ключевые слова Управление операциями
a Ключевые слова Контроль
a Ключевые слова Контроллинг
a Ключевые слова Этика менеджмента
a Ключевые слова Групповая динамика
a Ключевые слова Групповая мотивация
a Ключевые слова Мотивация
a Ключевые слова Менеджер
a Ключевые слова Стиль работы менеджера
a Ключевые слова Управление изменениями
a Ключевые слова Эффективность управленческого труда
675 Индекс УДК __
a Индекс УДК 005.7:658 (075.8)
686 Индексы других классификаций __
a Классификационный индекс 65.050(М)
a Классификационный индекс 65.290-2
700 Автор _1
a Фамилия Шеметов
b Имя П.В.
852 Данные о местонахождении __
c Местонахождение стеллажа 65.050(М)
c Местонахождение стеллажа 65.290-2
j Шифр хранения 65.050(М)
852 Данные о местонахождении __
b Сигла хранения ЧЗ_1
t Номер экземпляра 1
i Авторский знак Ш46
p Инвентарный номер 149607
901 Тип документа __
t Тип документа m
911 __
u 952a=Учебник
u 952p=2406
938 Служебная информация __
a Название организации Саранский филиал
b Имя БД OUTPUT.MRC_Саранск
c Название АИБС АИБС Библиотека